000 00406nam a22001337a 4500
082 _aCP-70
100 _aShahaid Hussain, Xen
_951384
245 _aQuantity surveying & Cost Estimation
_bCourse Pack CE-372
_cShahaid Hussain, Xen
260 _aRisalpur,
_bMCE,
_c2015.
300 _adifferent pages
526 _a0
_b0
_c0
_dCP_70
650 _aQuantity surveying & cost estimation
_951385
942 _2ddc
_cBKB
999 _c554087
_d554087